Investment analysis & portfolio management

Bibliographic Details
Main Authors: Reilly, Frank K. (Author), Brown, Keith C. (Author)
Format: Book
Language:English
Published: Australia : South-Western, Cengage Learning 2012
Edition:Tenth edition
Subjects:

MARC

LEADER 00000cam a2200000 7i4500
001 0000027626
005 20241119.0
008 171016 at a eng
020 |a 9780538482387 
040 |a INS   |b eng   |e rda 
090 0 0 |a HG 4521   |b R362 2012 
100 1 |a Reilly, Frank K. ,   |e author 
245 1 0 |a Investment analysis & portfolio management   |c Frank K. Reilly, Keith C. Brown 
250 |a Tenth edition 
264 1 |a Australia :   |b South-Western, Cengage Learning   |c 2012 
300 |a xiii, 1058 pages :   |b illustrations ;   |c 26 cm. 
336 |a text  |2 rdacontent 
337 |a unmediated  |2 rdamedia 
338 |a volume  |2 rdacarrier 
504 |a Includes bibliographical references (p. 1017-1031) and index 
650 0 |a Investment analysis 
650 0 |a Portfolio management   |z United States 
700 1 |a Brown, Keith C. ,   |e author 
999 |a 1000003109   |b BOOK   |c Open Shelf   |e Default branch